| 000 | 00000nam 2200000za 4500 |
| 001 | 9.591215 |
| 003 | CaOODSP |
| 005 | 20250722094838 |
| 007 | cr ||||||||||| |
| 008 | 150406|2003||||xxc|||||o f|0| 0 fre d |
| 020 | |a0-662-88404-3 |
| 040 | |aCaOODSP|bfre |
| 043 | |an-cn--- |
| 086 | 1 |aM44-2003/C17F-IN |
| 110 | 2 |aCommission géologique du Canada. |
| 245 | 10|aCaractérisation structurale et métamorphique de la marge sud-est du Groupe de Wakeham, régions du lac Musquaro et de La Romaine, Province de Grenville, Québec / |h[ressource électronique] |
| 260 | |aOttawa - Ontario : |bRessources naturelles Canada. |cc2003. |
| 300 | |a14p.|bfigures en couleur, cartes en couleur, références, photographies |
| 490 | 1 |aRecherches en cours 2003|v2003-C17 |
| 546 | |a(Abstract in English.) |
| 590 | |a14-09-Supp|b2014-04-23 |
| 830 | #0|aRecherches en cours (Commission géologique du Canada)|v2003-C17|w(CaOODSP)9.834178 |
| 856 | 40|ahttp://publications.gc.ca|qPDF|s5.53 Mo|uhttps://publications.gc.ca/collections/collection_2013/rncan-nrcan/M44-2003-C17-fra.pdf|y2003-C17 |